Normal view
MARC view
- Doff,Adrian تاليف
Entry Personal Name
001 - CONTROL NUMBER
- control field: 1543
003 - CONTROL NUMBER IDENTIFIER
- control field: JO-AjAnu
005 - DATE AND TIME OF LATEST TRANSACTION
- control field: 20230606070545.0
008 - FIXED-LENGTH DATA ELEMENTS
- fixed length control field: 230606|| aca||aabn | a|a d
040 ## - CATALOGING SOURCE
- Original cataloging agency: JO-AjAnu
- Transcribing agency: JO-AjAnu
100 ## - HEADING--PERSONAL NAME
- Personal name: Doff,Adrian تاليف
670 ## - SOURCE DATA FOUND
- Source citation: Work cat.: (JO-AjAnu)811: Doff,Adrian تاليف, author, Teach English:A training Course for teachers